000 00631nam a2200253Ia 4500
003 OSt
005 20220912151508.0
006 a|||||r|||| 00| 0
007 ta
008 220909b |||||||| |||| 00| 0 eng d
024 _a53864
037 _cTextual
040 _aCSL
_beng
_cCSL
041 _aeng
082 _aK871:12.71, H8
100 _aHall D G
245 0 _aBlowflies of North America
260 _aBaltimore
_bThomas Say Foundation
_c1948
300 _a477p.
_ccm.
650 _a Diptera
650 _aZoology
942 _hK871:12.71, H8
_cTEXL
_2CC
999 _c69983
_d69983